Nouvelle introduction à la révolution keynesienne et postkeynesienne (Record no. 43888)

MARC details
000 -LEADER
fixed length control field 00549 a2200217 4500
037 ## - SOURCE OF ACQUISITION
Stock number 4542
100 ## - VEDETTE PRINCIPALE - NOM DE PERSONNE
Personal name Sobgui, Gabriel Alexis
100 ## - VEDETTE PRINCIPALE - NOM DE PERSONNE
Language of a work Fr
260 ## - PUBLICATION, DISTRIBUTION, ETC. (IMPRINT)
Place of publication, distribution, etc Yaoundé
260 ## - PUBLICATION, DISTRIBUTION, ETC. (IMPRINT)
Name of publisher, distributor, etc Lamgun
245 ## - TITLE STATEMENT
Title Nouvelle introduction à la révolution keynesienne et postkeynesienne
260 ## - PUBLICATION, DISTRIBUTION, ETC. (IMPRINT)
Date of publication, distribution, etc 1983
300 ## - PHYSICAL DESCRIPTION
Extent 151p
300 ## - PHYSICAL DESCRIPTION
Other physical details 24 cm
440 ## - SERIES STATEMENT/ADDED ENTRY--TITLE
Title Faculte de droit et des sciences économiques
630 ## - SUBJECT ADDED ENTRY--UNIFORM TITLE
Uniform title 33 - Economie.économie politique
650 ## - SUBJECT ADDED ENTRY--TOPICAL TERM
Topical term or geographic name as entry element 3 - SCIENCES SOCIALES
650 ## - SUBJECT ADDED ENTRY--TOPICAL TERM
Topical term or geographic name as entry element Keynesianisme
Holdings
Withdrawn status Lost status Damaged status Not for loan Location (home branch) Sublocation or collection (holding branch) Date acquired Koha issues (times borrowed) Koha full call number Koha date last seen Price effective from Koha item type
        Bibliothèque Universitaire Centrale Bibliothèque Universitaire Centrale 28/02/2009   330.187.4 Fac 28/02/2009 28/02/2009 Livre


© 2008, Bibliothèques de l'Université d'Abomey-Calavi

04 BP 789 Cotonou, Tél. : +229 21 36 01 01, Fax : +229 21 35 06 32

Courriel : bu@bu.uac.bj